000 00420nam a2200181Ia 4500
001 16872
005 20260306170343.0
008 260306t2002||||xx |||||||||||||| ||und||
041 _aESP
082 _a657.3
_bA59
100 _aAndrade Espinoza, Simón
_eAUT
245 0 _aNormas internacionales de contabilidad
260 _c2002
300 _a
_c
650 _aGEN
654 _aCCO
942 _cLIB
_dJUS
_fJUS
_2ddc
_n
999 _c16872
_d16872